Inter-faith relations and higher education/ (Record no. 12466)
[ view plain ]
| 000 -LEADER | |
|---|---|
| fixed length control field | 00719 a2200205 4500 |
| 010 ## - LIBRARY OF CONGRESS CONTROL NUMBER | |
| LC control number | ENG-90211 |
| 020 ## - INTERNATIONAL STANDARD BOOK NUMBER | |
| International Standard Book Number | 8172149918 |
| Terms of availability | 275.00 |
| 035 ## - SYSTEM CONTROL NUMBER | |
| System control number | EN-73744 |
| 037 ## - SOURCE OF ACQUISITION | |
| Source of stock number/acquisition | DBAD / PUB |
| 082 14 - DEWEY DECIMAL CLASSIFICATION NUMBER | |
| Classification number | 378.103 |
| 090 ## - LOCALLY ASSIGNED LC-TYPE CALL NUMBER (OCLC); LOCAL CALL NUMBER (OCLC) | |
| -- | 12829 |
| -- | 12829 |
| 245 1# - TITLE STATEMENT | |
| Title | Inter-faith relations and higher education/ |
| Statement of responsibility, etc | edited by M. Valliammal Baskaran |
| 250 ## - EDITION STATEMENT | |
| Edition statement | . |
| 260 ## - PUBLICATION, DISTRIBUTION, ETC. (IMPRINT) | |
| Place of publication, distribution, etc | Delhi |
| Name of publisher, distributor, etc | ISPCK |
| Date of publication, distribution, etc | 2007 |
| 270 ## - ADDRESS | |
| Address | Post Box 1585, 1654 Madarsa Road, Kashmere Gate |
| City | Delhi |
| Postal code | 110 006 |
| State or province | Delhi : |
| Telephone number | 23866323 |
| Electronic mail address | ashish@ispck.org.in |
| 300 ## - PHYSICAL DESCRIPTION | |
| Extent | xx, 290p. |
| Dimensions | 24 cm (Pbk.) |
| 700 ## - ADDED ENTRY--PERSONAL NAME | |
| Personal name | Baskaran, M. Villiammal |
| 942 ## - ADDED ENTRY ELEMENTS (KOHA) | |
| Institution code [OBSOLETE] | dpl |
| Koha item type | English Books |
| Call number prefix | 378.103 / INT |
| Withdrawn status | Lost status | Source of classification or shelving scheme | Damaged status | Not for loan | Collection code | Home library | Current library | Source of acquisition | Cost, normal purchase price | Total Checkouts | Full call number | Barcode | Date last seen | Copy number | Uniform Resource Identifier | Cost, replacement price | Price effective from | Koha item type |
|---|---|---|---|---|---|---|---|---|---|---|---|---|---|---|---|---|---|---|
| Dewey Decimal Classification | Not For Loan | Non-fiction | D.B.Act.Division | D.B.Act.Division | DBAD/PUB | 275.00 | 378.103 INT | EN-73744 | 15/09/2008 | 1 | 13715 | 275.00 | 15/09/2008 | English Books |
